Re-Orienting Western Feminisms (Record no. 9574)

MARC details
000 -LEADER
fixed length control field 00629nam a2200241 a 4500
020 ## - INTERNATIONAL STANDARD BOOK NUMBER
ISBN 0521754
082 00 - DEWEY DECIMAL CLASSIFICATION NUMBER
Classification number 305.42094
Author Cutter BUL
100 ## - MAIN ENTRY--AUTHOR NAME
Author name Bulbeck, Chilla
245 ## - TITLE STATEMENT
Title Re-Orienting Western Feminisms
260 ## - PUBLICATION, DISTRIBUTION, ETC. (IMPRINT)
Place of publication Cambridge
Name of publisher Cambridge University Press
Year of publication 1998
300 ## - PHYSICAL DESCRIPTION
Number of Pages 270p
500 ## - GENERAL NOTE
General note includes index and biblioraphy
505 2# - FORMATTED CONTENTS NOTE
Formatted contents note Appendix, Bibliography, Index
650 ## - SUBJECT ADDED ENTRY--TOPICAL TERM
Topical Term Women-Europe
942 ## - ADDED ENTRY ELEMENTS (KOHA)
Koha item type Books
700 1# -
-- Bulbeck, Chilla
Holdings
Collection code Home library Current library Date acquired Cost, normal purchase price Full call number Accession Number Koha item type
  Henry Martyn Institute Library Henry Martyn Institute Library 07/23/2010 14.95 305.42094 BUL 018115 Books
                   Copyright © 2026 | Henry Martyn Institute | Hyderabad | TS-500052 | INDIA | Implemented by hmi.edu.in
Hit-Count:

Powered by Koha